| Tag |
First Indicator |
Second Indicator |
Subfields |
| LEADER |
00000cam a2200000Ia 4500 |
| 001 |
in00002474331 |
| 005 |
20210727085001.0 |
| 006 |
m d |
| 007 |
cr cn||||||||| |
| 008 |
081017s2005 gw a sb 101 0 eng d |
| 020 |
|
|
|a 3540318143
|
| 020 |
|
|
|a 9783540318149
|
| 035 |
|
|
|a (OCoLC)262681004
|
| 035 |
|
|
|a (OCoLC)ocn262681004
|
| 035 |
|
|
|a 3070790
|
| 037 |
|
|
|a 978-3-540-28932-6
|b Springer
|n http://www.springerlink.com
|
| 040 |
|
|
|a GW5XE
|b eng
|c GW5XE
|d UtOrBLW
|
| 049 |
|
|
|a TEFA
|
| 050 |
1 |
4 |
|a QH447
|b .R34 2005eb
|
| 060 |
1 |
4 |
|a 2005 M-294
|
| 060 |
1 |
4 |
|a QU 58.5
|b R279c 2005
|
| 070 |
1 |
|
|a QH447
|b .R34 2005
|
| 072 |
|
7 |
|a QA
|2 lcco
|
| 072 |
|
7 |
|a QH
|2 lcco
|
| 082 |
0 |
4 |
|a 572.8/6
|2 22
|
| 111 |
2 |
|
|a RCG 2005
|d (2005 :
|c Dublin, Ireland)
|0 http://id.loc.gov/authorities/names/nb2005014363
|
| 245 |
1 |
0 |
|a Comparative genomics :
|b RECOMB 2005 International Workshop, RCG 2005, Dublin, Ireland, September 18-20, 2005 ; proceedings /
|c Aoife McLysaght, Daniel H. Huson (eds.).
|
| 264 |
|
1 |
|a Berlin ;
|a New York :
|b Springer,
|c 2005.
|
| 300 |
|
|
|a viii, 166 pages :
|b illustrations ;
|c 24 cm.
|
| 336 |
|
|
|a text
|b txt
|2 rdacontent
|
| 337 |
|
|
|a computer
|b c
|2 rdamedia
|
| 338 |
|
|
|a online resource
|b cr
|2 rdacarrier
|
| 490 |
1 |
|
|a Lecture notes in computer science,
|x 0302-9743 ;
|v 3678.
|a Lecture notes in bioinformatics
|
| 500 |
|
|
|a Electronic resource.
|
| 504 |
|
|
|a Includes bibliographical references and index.
|
| 533 |
|
|
|a Electronic reproduction.
|b New York :
|c Springer,
|d 2008.
|n Mode of access: World Wide Web.
|n System requirements: Web browser.
|n Title from title screen (viewed on Oct. 10, 2008).
|n Access may be restricted to users at subscribing institutions.
|
| 650 |
1 |
2 |
|a Genomics.
|0 https://id.nlm.nih.gov/mesh/D023281
|
| 650 |
2 |
2 |
|a Chromosome Mapping.
|0 https://id.nlm.nih.gov/mesh/D002874
|
| 650 |
2 |
2 |
|a Computational Biology.
|0 https://id.nlm.nih.gov/mesh/D019295
|
| 650 |
2 |
2 |
|a Physiology, Comparative.
|0 https://id.nlm.nih.gov/mesh/D010828
|
| 655 |
|
2 |
|a Congress.
|0 https://id.nlm.nih.gov/mesh/D016423
|
| 650 |
|
0 |
|a Gene mapping
|x Statistical methods
|v Congresses.
|
| 650 |
|
0 |
|a Genomics
|v Congresses.
|0 http://id.loc.gov/authorities/subjects/sh2008117869
|
| 650 |
|
0 |
|a Physiology, Comparative
|v Congresses.
|0 http://id.loc.gov/authorities/subjects/sh2010106363
|
| 650 |
|
6 |
|a Cartes chromosomiques
|x Méthodes statistiques
|v Congrès.
|
| 650 |
|
6 |
|a Génomique
|v Congrès.
|
| 650 |
|
6 |
|a Physiologie comparée
|v Congrès.
|
| 655 |
|
7 |
|a Electronic books.
|2 local
|
| 700 |
1 |
|
|a Huson, Daniel H.
|0 http://id.loc.gov/authorities/names/nb2005014366
|
| 700 |
1 |
|
|a McLysaght, Aoife.
|0 http://id.loc.gov/authorities/names/nb2005014365
|
| 710 |
2 |
|
|a SpringerLink (Online service)
|0 http://id.loc.gov/authorities/names/no2005046756
|
| 776 |
1 |
|
|c Original
|z 3540289321
|z 9783540289326
|w (DLC) 2005932241
|w (OCoLC)61666076
|
| 830 |
|
0 |
|a Lecture notes in computer science ;
|v 3678.
|0 http://id.loc.gov/authorities/names/n42015162
|
| 830 |
|
0 |
|a Lecture notes in computer science.
|p Lecture notes in bioinformatics.
|0 http://id.loc.gov/authorities/names/n2003005443
|
| 856 |
4 |
0 |
|u http://proxy.library.tamu.edu/login?url=https://dx.doi.org/10.1007/11554714
|z Connect to the full text of this electronic book
|t 0
|
| 994 |
|
|
|a C0
|b TEF
|
| 999 |
|
|
|a MARS
|
| 999 |
f |
f |
|s 7087d437-1e8f-3590-803e-a21cbace5867
|i eed361b9-375e-38da-90eb-22404314a51e
|t 0
|
| 952 |
f |
f |
|a Texas A&M University
|b College Station
|c Electronic Resources
|d Available Online
|t 0
|e QH447 .R34 2005eb
|h Library of Congress classification
|
| 998 |
f |
f |
|a QH447 .R34 2005eb
|t 0
|l Available Online
|